[Event "San Francisco Leighton Memorial"]
[Site "San Francisco"]
[Date "2015.08.10"]
[Round "2"]
[White "Dupree, Charles"]
[Black "Reyes, Robert"]
[Result "0-1"]
[WhiteElo "1649"]
[BlackElo "1699"]
[PlyCount "70"]
[EventDate "2015.08.04"]
[EventType "swiss"]
[EventRounds "9"]
[EventCountry "USA"]
[SourceTitle "EXT 2023"]
[Source "ChessBase"]
[SourceDate "2022.10.05"]
[SourceVersion "1"]
[SourceVersionDate "2022.10.05"]
[SourceQuality "1"]

1. e4 e6 2. d4 d5 3. Nd2 Nf6 4. e5 Nfd7 5. Bd3 c5 6. c3 Nc6 7. Ne2 Qb6 8. Nf3 Be7 9. Qc2 h6 10. Be3 c4 11. Bh7 Nf8 12. Be4 Qc7 13. Nd2 dxe4 14. Nxc4 Ng6 15. Qxe4 Bd7 16. Ng3 0-0 17. Qd3 Rad8 18. Ne4 Be8 19. Ned6 Na5 20. Nxa5 Bxd6 21. Nc4 Bxe5 22. Qe2 Bf4 23. g3 Bxe3 24. Nxe3 a6 25. a4 Bc6 26. Rg1 e5 27. Rd1 Bxa4 28. Rd2 exd4 29. cxd4 Qc1+ 30. Nd1 Rfe8 31. b4 Rxe2+ 32. Kxe2 Re8+ 33. Ne3 Bb5+ 34. Rd3 Bxd3+ 35. Kxd3 Qxg1 0-1

[Event "San Francisco TNM Spring op"]
[Site "San Francisco"]
[Date "2015.04.21"]
[Round "6"]
[White "Reyes, Robert"]
[Black "Tokatyan, Shant"]
[Result "1-0"]
[WhiteElo "1681"]
[BlackElo "1109"]
[PlyCount "65"]
[EventDate "2015.03.17"]
[EventType "swiss"]
[EventRounds "8"]
[EventCountry "USA"]
[SourceTitle "EXT 2016"]
[Source "ChessBase"]
[SourceDate "2015.10.08"]
[SourceVersion "1"]
[SourceVersionDate "2015.10.08"]
[SourceQuality "1"]

1. e4 e6 2. d4 d5 3. e5 c5 4. c3 Qb6 5. Nf3 Nc6 6. Be2 cxd4 7. cxd4 Nh6 8. Nc3 Nf5 9. Bb5 Bd7 10. Bxc6 bxc6 11. 0-0 c5 12. dxc5 Qxc5 13. Re1 Be7 14. Be3 Nxe3 15. Rxe3 0-0 16. Rc1 Rfc8 17. h3 Bb5 18. Re1 Ba6 19. Qa4 Qb6 20. Rc2 Rc4 21. Qb3 Qxb3 22. axb3 Rc7 23. Rd1 Rac8 24. Ne1 Rb7 25. Ra1 Rc6 26. Nf3 Bd3 27. Rd2 Ra6 28. Rc1 Bg6 29. Na4 Rxb3 30. Rc8+ Bf8 31. Nc5 Ra1+ 32. Kh2 Rc1 33. Nd4 1-0

[Event "San Francisco TNM Spring op"]
[Site "San Francisco"]
[Date "2015.04.07"]
[Round "4"]
[White "Reyes, Robert"]
[Black "Olson, David R"]
[Result "1-0"]
[WhiteElo "1681"]
[BlackElo "1426"]
[PlyCount "73"]
[EventDate "2015.03.17"]
[EventType "swiss"]
[EventRounds "8"]
[EventCountry "USA"]
[SourceTitle "EXT 2016"]
[Source "ChessBase"]
[SourceDate "2015.10.08"]
[SourceVersion "1"]
[SourceVersionDate "2015.10.08"]
[SourceQuality "1"]

1. e4 e5 2. Nf3 Nc6 3. d4 d6 4. dxe5 dxe5 5. Qxd8+ Kxd8 6. Bb5 Bd6 7. Bxc6 bxc6 8. Be3 Ba6 9. Nc3 Nf6 10. Rd1 Ke7 11. a3 h6 12. b4 Bc4 13. Nd2 Ba6 14. Na4 Nd7 15. c4 Kf6 16. 0-0 Nb6 17. Nxb6 cxb6 18. Rfe1 g5 19. Nf3 Rhd8 20. h4 g4 21. Nh2 Bxc4 22. Nxg4+ Kg6 23. Nxh6 Bf8 24. Nf5 c5 25. Rc1 Bd3 26. bxc5 bxc5 27. Bxc5 Rdc8 28. Bxf8 Rxf8 29. Rc3 Bxe4 30. Ng3 Bf5 31. Rxe5 Be6 32. Rg5+ Kh7 33. Rcc5 Rfc8 34. Rce5 Rc3 35. Rh5+ Kg8 36. Reg5+ Kf8 37. Rh8+ 1-0

[Event "San Francisco TNM Spring op"]
[Site "San Francisco"]
[Date "2015.03.31"]
[Round "3"]
[White "Reyes, Robert"]
[Black "Robertson, Guy"]
[Result "0-1"]
[WhiteElo "1681"]
[BlackElo "1437"]
[PlyCount "54"]
[EventDate "2015.03.17"]
[EventType "swiss"]
[EventRounds "8"]
[EventCountry "USA"]
[SourceTitle "EXT 2016"]
[Source "ChessBase"]
[SourceDate "2015.10.08"]
[SourceVersion "1"]
[SourceVersionDate "2015.10.08"]
[SourceQuality "1"]

1. e4 c5 2. c3 d6 3. Nf3 Nf6 4. Qc2 Nc6 5. Bc4 e6 6. 0-0 Be7 7. d4 cxd4 8. cxd4 0-0 9. Bd2 d5 10. exd5 exd5 11. Bd3 h6 12. a3 Bg4 13. Ne5 Nxd4 14. Qc3 Ne6 15. Nxg4 Nxg4 16. Bf5 Nf6 17. Re1 Rc8 18. Qd3 Nc5 19. Qd4 Rc7 20. Nc3 Nb3 21. Qd3 Nxa1 22. Rxa1 a6 23. Re1 Bc5 24. Na4 Ba7 25. Nc3 Rc4 26. b3 Rc6 27. Qg3 Bb8 0-1

[Event "San Francisco TNM Winter op"]
[Site "San Francisco"]
[Date "2015.02.03"]
[Round "5"]
[White "Reyes, Robert"]
[Black "Khristoforov, Sergey"]
[Result "0-1"]
[WhiteElo "1691"]
[BlackElo "1977"]
[PlyCount "58"]
[EventDate "2015.01.06"]
[EventType "swiss"]
[EventRounds "8"]
[EventCountry "USA"]
[SourceTitle "EXT 2016"]
[Source "ChessBase"]
[SourceDate "2015.10.08"]
[SourceVersion "1"]
[SourceVersionDate "2015.10.08"]
[SourceQuality "1"]

1. e4 c6 2. d4 d5 3. e5 Bf5 4. Nf3 e6 5. Bd3 Bxd3 6. Qxd3 Nd7 7. 0-0 c5 8. Nc3 cxd4 9. Qxd4 Ne7 10. Bg5 Nc6 11. Bxd8 Nxd4 12. Nxd4 Rxd8 13. Rfe1 a6 14. Rad1 Bb4 15. a3 Ba5 16. b4 Bc7 17. f4 Rc8 18. Re3 Bb6 19. Kf1 Rc4 20. Nce2 Ke7 21. c3 Rhc8 22. Rf3 Ba7 23. f5 Nxe5 24. Rg3 g6 25. fxe6 fxe6 26. Re3 Rf8+ 27. Ke1 Kd6 28. Rc1 Rf6 29. h3 Nc6 0-1

[Event "San Francisco TNM Fall op"]
[Site "San Francisco"]
[Date "2014.11.26"]
[Round "5"]
[White "Reyes, Robert"]
[Black "Bayaraa, Chinguun"]
[Result "0-1"]
[WhiteElo "1607"]
[BlackElo "1868"]
[PlyCount "98"]
[EventDate "2014.10.21"]
[EventType "swiss"]
[EventRounds "8"]
[EventCountry "USA"]
[SourceTitle "EXT 2016"]
[Source "ChessBase"]
[SourceDate "2015.10.08"]
[SourceVersion "1"]
[SourceVersionDate "2015.10.08"]
[SourceQuality "1"]

1. e4 c5 2. c3 Nf6 3. e5 Nd5 4. d4 cxd4 5. cxd4 e6 6. Nf3 Be7 7. Bd2 Qb6 8. Qc2 Nc6 9. Bc3 a6 10. a3 Qd8 11. Nbd2 d6 12. Nc4 dxe5 13. Ncxe5 Nxe5 14. Nxe5 Bd7 15. Bd3 h6 16. 0-0 Rc8 17. Bg6 0-0 18. Be4 Nxc3 19. bxc3 Qc7 20. Rfc1 Bf6 21. Nxd7 Qxd7 22. Qd3 b5 23. Rab1 Rc4 24. Rb4 Rfc8 25. Rc2 Be7 26. Rb3 Bf6 27. Qd2 e5 28. Bd3 R4c7 29. dxe5 Bxe5 30. g3 Rd8 31. Qe3 Qxd3 32. Qxe5 Qxc2 33. Qxc7 Rd1+ 34. Kg2 Qxb3 35. Qc8+ Kh7 36. Qf5+ g6 37. Qf3 Qd5 38. Qxd5 Rxd5 39. Kf3 Rd3+ 40. Kg2 Rxc3 41. Kh3 Rxa3 42. f4 b4 43. Kg4 b3 44. h4 b2 45. f5 b1Q 46. Kh3 Qxf5+ 47. Kg2 Qf3+ 48. Kg1 Ra1+ 49. Kh2 Rh1# 0-1

[Event "San Francisco TNM Fall op"]
[Site "San Francisco"]
[Date "2014.11.18"]
[Round "4"]
[White "Xu, Linmiao"]
[Black "Reyes, Robert"]
[Result "1/2-1/2"]
[WhiteElo "1424"]
[BlackElo "1607"]
[PlyCount "66"]
[EventDate "2014.10.21"]
[EventType "swiss"]
[EventRounds "8"]
[EventCountry "USA"]
[SourceTitle "EXT 2016"]
[Source "ChessBase"]
[SourceDate "2015.10.08"]
[SourceVersion "1"]
[SourceVersionDate "2015.10.08"]
[SourceQuality "1"]

1. g3 e5 2. c4 Nf6 3. Nc3 Be7 4. Bg2 c6 5. Nf3 d6 6. d3 Be6 7. Ng5 Qd7 8. Nxe6 Qxe6 9. Qb3 Qd7 10. 0-0 Na6 11. Be3 0-0 12. h3 Rfd8 13. Qa4 d5 14. cxd5 cxd5 15. Qxd7 Rxd7 16. Bg5 d4 17. Bxf6 Bxf6 18. Nb5 Nc7 19. Bxb7 Rb8 20. Bc6 Re7 21. Rac1 Nxb5 22. Bxb5 g6 23. a4 Reb7 24. Rc6 Bg5 25. b3 Bd2 26. Kg2 Rb6 27. Rc7 R8b7 28. Rxb7 Rxb7 29. Rd1 Bc3 30. g4 Rb6 31. g5 a6 32. Bc4 a5 33. Kf3 Kf8 1/2-1/2

[Event "San Francisco TNM Jay Whitehead op"]
[Site "San Francisco"]
[Date "2014.08.14"]
[Round "2"]
[White "Reyes, Robert"]
[Black "Fuentes, Romulo C"]
[Result "0-1"]
[WhiteElo "1655"]
[BlackElo "2215"]
[PlyCount "29"]
[EventDate "2014.08.05"]
[EventType "swiss"]
[EventRounds "9"]
[EventCountry "USA"]
[SourceTitle "EXT 2016"]
[Source "ChessBase"]
[SourceDate "2015.10.08"]
[SourceVersion "1"]
[SourceVersionDate "2015.10.08"]
[SourceQuality "1"]

1. e4 c5 2. c3 d5 3. exd5 Qxd5 4. d4 Nc6 5. Nf3 Bf5 6. Be2 Bxb1 7. Rxb1 Qxa2 8. Be3 cxd4 9. Nxd4 e6 10. Qc1 Nf6 11. Nxc6 bxc6 12. Ra1 Qb3 13. Bd1 Qb8 14. 0-0 Bd6 15. Ra6 0-1

[Event "San Francisco TNM Jay Whitehead op"]
[Site "San Francisco"]
[Date "2014.08.05"]
[Round "1"]
[White "Winslow, Elliott C"]
[Black "Reyes, Robert"]
[Result "1/2-1/2"]
[WhiteElo "2254"]
[BlackElo "1655"]
[PlyCount "62"]
[EventDate "2014.08.05"]
[EventType "swiss"]
[EventRounds "9"]
[EventCountry "USA"]
[SourceTitle "EXT 2016"]
[Source "ChessBase"]
[SourceDate "2015.10.08"]
[SourceVersion "1"]
[SourceVersionDate "2015.10.08"]
[SourceQuality "1"]

1. d4 Nf6 2. c4 e6 3. Nf3 Bb4+ 4. Nbd2 d6 5. e3 Nbd7 6. Bd3 b6 7. 0-0 Bxd2 8. Nxd2 Bb7 9. Qc2 c5 10. b3 Rc8 11. Bb2 0-0 12. Rae1 Re8 13. f4 h6 14. f5 e5 15. d5 a5 16. e4 Ba6 17. a4 Nf8 18. Nf3 N8h7 19. Bc1 Kh8 20. Kh1 Rg8 21. Qf2 Qf8 22. h3 Re8 23. g4 g5 24. fxg6 fxg6 25. Qg3 Qg7 26. Rf2 Rgf8 27. Ref1 Bc8 28. Bb2 Qe7 29. Nh4 Qg7 30. Nf3 Qe7 31. Qh4 Qg7 1/2-1/2

[Event "San Francisco TNM Winter op"]
[Site "San Francisco"]
[Date "2014.02.04"]
[Round "5"]
[White "Kottcamp, Jeff"]
[Black "Reyes, Robert"]
[Result "0-1"]
[WhiteElo "1678"]
[BlackElo "1318"]
[PlyCount "42"]
[EventDate "2014.01.07"]
[EventType "swiss"]
[EventRounds "8"]
[EventCountry "USA"]
[SourceTitle "EXT 2016"]
[Source "ChessBase"]
[SourceDate "2015.10.08"]
[SourceVersion "1"]
[SourceVersionDate "2015.10.08"]
[SourceQuality "1"]

1. e4 e6 2. d4 d5 3. Nd2 Nf6 4. e5 Nfd7 5. Bd3 c5 6. c3 Nc6 7. Ndf3 cxd4 8. cxd4 Bb4+ 9. Bd2 Bxd2+ 10. Qxd2 Qa5 11. Ne2 Qxd2+ 12. Nxd2 0-0 13. 0-0 f6 14. f4 f5 15. Rac1 Nb6 16. Nb3 Nb4 17. Bb1 Nc4 18. a3 Na6 19. Rc3 b6 20. Bd3 Nxb2 21. Bb5 Nc5 0-1

[Event "San Francisco TNM Winter op"]
[Site "San Francisco"]
[Date "2014.01.28"]
[Round "4"]
[White "Reyes, Robert"]
[Black "Simpkins, Jerry"]
[Result "1-0"]
[WhiteElo "1318"]
[BlackElo "1551"]
[PlyCount "45"]
[EventDate "2014.01.07"]
[EventType "swiss"]
[EventRounds "8"]
[EventCountry "USA"]
[SourceTitle "EXT 2016"]
[Source "ChessBase"]
[SourceDate "2015.10.08"]
[SourceVersion "1"]
[SourceVersionDate "2015.10.08"]
[SourceQuality "1"]

1. e4 e5 2. Nf3 Nc6 3. d4 exd4 4. Nxd4 Qf6 5. Nxc6 dxc6 6. Nc3 Bc5 7. Qf3 Bd4 8. Qxf6 Nxf6 9. Bd3 Ng4 10. 0-0 0-0 11. Bf4 Be5 12. Bxe5 Nxe5 13. f4 Nxd3 14. cxd3 b6 15. Rf3 Ba6 16. Rd1 Rad8 17. d4 b5 18. b4 Bc8 19. Rfd3 Rfe8 20. d5 cxd5 21. Nxd5 Rd6 22. e5 Rg6 23. Ne7+ 1-0

[Event "San Francisco TNM Summer op"]
[Site "San Francisco"]
[Date "2013.07.16"]
[Round "8"]
[White "Starr, Albert Martin"]
[Black "Reyes, Robert"]
[Result "1-0"]
[WhiteElo "1627"]
[BlackElo "1241"]
[PlyCount "125"]
[EventDate "2013.05.28"]
[EventType "swiss"]
[EventRounds "8"]
[EventCountry "USA"]
[SourceTitle "EXT 2016"]
[Source "ChessBase"]
[SourceDate "2015.10.08"]
[SourceVersion "1"]
[SourceVersionDate "2015.10.08"]
[SourceQuality "1"]

1. d4 d5 2. Bf4 Nf6 3. e3 c5 4. c3 Nc6 5. Nf3 e6 6. a3 c4 7. Nbd2 Be7 8. h3 h6 9. Be2 0-0 10. 0-0 Bd6 11. Bxd6 Qxd6 12. Nh2 e5 13. f4 e4 14. g4 Nh7 15. Rf2 f5 16. Ndf1 Qg6 17. Rg2 Nf6 18. g5 Nh7 19. Bh5 Qd6 20. gxh6 Qxh6 21. Rg6 Qxg6+ 22. Bxg6 Nf6 23. Ng3 Ne7 24. Bh5 g6 25. Be2 Rf7 26. Kh1 Rh7 27. Qf1 Bd7 28. Qg2 Kf7 29. Rg1 Rah8 30. Bf1 Be8 31. Ne2 Ke6 32. Qf2 Rg8 33. Rg5 Rgg7 34. Ng1 Rh6 35. Qc2 Nh7 36. Rg3 Nc6 37. b3 b5 38. bxc4 dxc4 39. Qd1 Kd5 40. a4 a6 41. axb5 axb5 42. Qb1 Rb7 43. Bg2 Nf6 44. Ne2 b4 45. cxb4 Rxb4 46. Nc3+ Ke6 47. Qa2 Rh7 48. Bf1 Ra7 49. Bxc4+ Ke7 50. Qe2 Na5 51. Nd5+ Nxd5 52. Bxd5 Rc7 53. Bg8 Rb6 54. d5 Bf7 55. Bxf7 Kxf7 56. Qa2 Nc4 57. Nf1 Ke7 58. Qa1 Kd8 59. Qh8+ Kd7 60. Qg7+ Kd6 61. Rxg6+ Kxd5 62. Qxc7 Rb1 63. Qc6# 1-0